| 000 | 00881nam a2200205Ia 4500 | ||
|---|---|---|---|
| 005 | 20251215152029.0 | ||
| 008 | 250219s9999||||xx |||||||||||||| ||und|| | ||
| 100 | _aنوال، زهية | ||
| 245 | 0 | _aالتمويل و دوره في التأثير على المردود الرياضي لرياضي النخبة | |
| 260 |
_aالجزائر _c2016 |
||
| 300 |
_a345 و. _c30 سم. |
||
| 502 | _aدكتوراه | ||
| 502 | _cمعهد التربية البدنية و الرياضية، جامعة الجزائر 3 | ||
| 653 | _aالإدارة الرياضية | ||
| 653 | _aالإدارة و التسيير الرياضي | ||
| 700 | _aبن عكي, محند آكلي | ||
| 710 | _aمعهد التربية البدنية و الرياضية، جامعة الجزائر 3 | ||
| 856 | _uhttps://dspace.univ-alger3.dz/jspui/handle/123456789/3276 | ||
| 942 | _cأطروحات | ||
| 999 |
_c14392 _d14392 |
||